<?xml version="1.0" encoding="UTF-8"?>
<record
    xmlns:xsi="http://www.w3.org/2001/XMLSchema-instance"
    xsi:schemaLocation="http://www.loc.gov/MARC21/slim http://www.loc.gov/standards/marcxml/schema/MARC21slim.xsd"
    xmlns="http://www.loc.gov/MARC21/slim">

  <leader>02164    a2200169   4500</leader>
  <controlfield tag="003">OSt</controlfield>
  <controlfield tag="005">20260206134712.0</controlfield>
  <controlfield tag="008">260206b        |||||||| |||| 00| 0 eng d</controlfield>
  <datafield tag="020" ind1=" " ind2=" ">
    <subfield code="a">9788197237751</subfield>
  </datafield>
  <datafield tag="100" ind1=" " ind2=" ">
    <subfield code="a">&#x92A;&#x93E;&#x902;&#x921;&#x947; &#x938;&#x94D;&#x935;.</subfield>
    <subfield code="9">216651</subfield>
  </datafield>
  <datafield tag="245" ind1=" " ind2=" ">
    <subfield code="a">&#x92D;&#x93E;&#x930;&#x924;&#x940;&#x92F; &#x935;&#x940;&#x930; &#x92A;&#x924;&#x94D;&#x928;&#x940;&#x902;&#x91A;&#x94D;&#x92F;&#x93E;  &#x915;&#x925;&#x93E;</subfield>
  </datafield>
  <datafield tag="260" ind1=" " ind2=" ">
    <subfield code="b">&#x92D;&#x93E;&#x930;&#x924;&#x940;&#x92F;  &#x935;&#x93F;&#x91A;&#x93E;&#x930;  &#x938;&#x93E;&#x927;&#x928;&#x93E;  &#x92A;&#x94D;&#x930;&#x915;&#x93E;&#x936;&#x928; </subfield>
    <subfield code="c">2024</subfield>
    <subfield code="a">&#x92A;&#x941;&#x923;&#x947;</subfield>
  </datafield>
  <datafield tag="300" ind1=" " ind2=" ">
    <subfield code="a">197pp.</subfield>
  </datafield>
  <datafield tag="500" ind1=" " ind2=" ">
    <subfield code="a">&#x938;&#x948;&#x928;&#x93F;&#x915;&#x93E;&#x902;&#x91A;&#x940; &#x936;&#x915;&#x94D;&#x924;&#x940;: &#x938;&#x940;&#x92E;&#x947;&#x935;&#x930; &#x932;&#x922;&#x923;&#x93E;&#x931;&#x94D;&#x92F;&#x93E; &#x938;&#x948;&#x928;&#x93F;&#x915;&#x93E;&#x902;&#x91A;&#x94D;&#x92F;&#x93E; &#x92E;&#x93E;&#x917;&#x947; &#x92F;&#x93E; &#x92E;&#x939;&#x93F;&#x932;&#x93E; &#x916;&#x902;&#x92C;&#x940;&#x930;&#x92A;&#x923;&#x947; &#x909;&#x92D;&#x940; &#x930;&#x93E;&#x939;&#x924;&#x93E;&#x924;.
&#x924;&#x94D;&#x92F;&#x93E;&#x917; &#x906;&#x923;&#x93F; &#x927;&#x948;&#x930;&#x94D;&#x92F;: &#x92A;&#x924;&#x940;&#x91A;&#x94D;&#x92F;&#x93E; &#x928;&#x93F;&#x927;&#x928;&#x93E;&#x928;&#x902;&#x924;&#x930;&#x939;&#x940; &#x92F;&#x93E; &#x92E;&#x939;&#x93F;&#x932;&#x93E;&#x902;&#x928;&#x940; &#x906;&#x92A;&#x932;&#x947; &#x927;&#x948;&#x930;&#x94D;&#x92F; &#x928; &#x917;&#x92E;&#x93E;&#x935;&#x924;&#x93E; &#x938;&#x902;&#x915;&#x91F;&#x93E;&#x902;&#x91A;&#x93E; &#x938;&#x93E;&#x92E;&#x928;&#x93E; &#x915;&#x947;&#x932;&#x93E;.
&#x938;&#x924;&#x94D;&#x92F;&#x915;&#x925;&#x93E;: &#x92F;&#x93E; &#x92A;&#x941;&#x938;&#x94D;&#x924;&#x915;&#x93E;&#x924; &#x96D; &#x938;&#x924;&#x94D;&#x92F;&#x915;&#x925;&#x93E;&#x902;&#x91A;&#x93E; &#x938;&#x92E;&#x93E;&#x935;&#x947;&#x936; &#x906;&#x939;&#x947;, &#x91C;&#x94D;&#x92F;&#x93E; &#x92A;&#x94D;&#x930;&#x947;&#x92E; &#x906;&#x923;&#x93F; &#x927;&#x948;&#x930;&#x94D;&#x92F;&#x93E;&#x935;&#x930; &#x906;&#x927;&#x93E;&#x930;&#x93F;&#x924; &#x906;&#x939;&#x947;&#x924;.
&#x92D;&#x902;&#x917;&#x932;&#x947;&#x932;&#x940; &#x938;&#x94D;&#x935;&#x92A;&#x94D;&#x928;&#x947;: &#x92F;&#x93E; &#x915;&#x925;&#x93E; &#x938;&#x948;&#x928;&#x93F;&#x915;&#x93E;&#x902;&#x91A;&#x94D;&#x92F;&#x93E; &#x915;&#x941;&#x91F;&#x941;&#x902;&#x92C;&#x93E;&#x91A;&#x940; &#x92D;&#x902;&#x917;&#x932;&#x947;&#x932;&#x940; &#x938;&#x94D;&#x935;&#x92A;&#x94D;&#x928;&#x947; &#x906;&#x923;&#x93F; &#x924;&#x94D;&#x92F;&#x93E;&#x902;&#x91A;&#x94D;&#x92F;&#x93E; &#x938;&#x902;&#x918;&#x930;&#x94D;&#x937;&#x93E;&#x91A;&#x940; &#x915;&#x939;&#x93E;&#x923;&#x940; &#x938;&#x93E;&#x902;&#x917;&#x924;&#x93E;&#x924;. </subfield>
  </datafield>
  <datafield tag="520" ind1=" " ind2=" ">
    <subfield code="a">&#x938;&#x948;&#x928;&#x93F;&#x915;&#x93E;&#x902;&#x91A;&#x94D;&#x92F;&#x93E; &#x92E;&#x93E;&#x917;&#x947; &#x916;&#x902;&#x92C;&#x940;&#x930;&#x92A;&#x923;&#x947; &#x909;&#x92D;&#x94D;&#x92F;&#x93E; &#x930;&#x93E;&#x939;&#x923;&#x93E;&#x931;&#x94D;&#x92F;&#x93E;, &#x924;&#x94D;&#x92F;&#x93E;&#x917; &#x906;&#x923;&#x93F; &#x927;&#x948;&#x930;&#x94D;&#x92F;&#x93E;&#x91A;&#x940; &#x92E;&#x942;&#x930;&#x94D;&#x924;&#x940; &#x905;&#x938;&#x932;&#x947;&#x932;&#x94D;&#x92F;&#x93E; &#x92E;&#x939;&#x93F;&#x932;&#x93E;&#x902;&#x91A;&#x94D;&#x92F;&#x93E; &#x938;&#x924;&#x94D;&#x92F; &#x915;&#x925;&#x93E; &#x906;&#x939;&#x947;&#x924;. &#x938;&#x94D;&#x935;&#x92A;&#x94D;&#x928;&#x93F;&#x932; &#x92A;&#x93E;&#x902;&#x921;&#x947; &#x932;&#x93F;&#x916;&#x93F;&#x924; &#x92F;&#x93E; &#x92A;&#x941;&#x938;&#x94D;&#x924;&#x915;&#x93E;&#x924; &#x96D; &#x935;&#x940;&#x930;&#x92A;&#x924;&#x94D;&#x928;&#x940;&#x902;&#x91A;&#x94D;&#x92F;&#x93E; &#x915;&#x925;&#x93E; &#x906;&#x939;&#x947;&#x924;, &#x91C;&#x94D;&#x92F;&#x93E; &#x938;&#x948;&#x928;&#x93F;&#x915;&#x93E;&#x902;&#x91A;&#x94D;&#x92F;&#x93E; &#x928;&#x93F;&#x927;&#x928;&#x93E;&#x928;&#x902;&#x924;&#x930;&#x939;&#x940; &#x926;&#x947;&#x936;&#x93E;&#x938;&#x93E;&#x920;&#x940; &#x916;&#x902;&#x92C;&#x940;&#x930;&#x92A;&#x923;&#x947; &#x909;&#x92D;&#x94D;&#x92F;&#x93E; &#x930;&#x93E;&#x939;&#x93F;&#x932;&#x94D;&#x92F;&#x93E; &#x906;&#x923;&#x93F; &#x924;&#x94D;&#x92F;&#x93E;&#x902;&#x91A;&#x947; &#x92A;&#x94D;&#x930;&#x947;&#x92E; &#x935; &#x924;&#x94D;&#x92F;&#x93E;&#x917; &#x926;&#x930;&#x94D;&#x936;&#x935;&#x924;&#x93E;&#x924;.</subfield>
  </datafield>
  <datafield tag="942" ind1=" " ind2=" ">
    <subfield code="c">BK</subfield>
    <subfield code="2">ddc</subfield>
  </datafield>
  <datafield tag="999" ind1=" " ind2=" ">
    <subfield code="c">370202</subfield>
    <subfield code="d">370202</subfield>
  </datafield>
  <datafield tag="952" ind1=" " ind2=" ">
    <subfield code="0">0</subfield>
    <subfield code="1">0</subfield>
    <subfield code="2">ddc</subfield>
    <subfield code="4">0</subfield>
    <subfield code="7">0</subfield>
    <subfield code="8">MCA</subfield>
    <subfield code="a">001</subfield>
    <subfield code="b">001</subfield>
    <subfield code="d">2026-02-03</subfield>
    <subfield code="e">188</subfield>
    <subfield code="g">210.00</subfield>
    <subfield code="l">0</subfield>
    <subfield code="p">KBJP-BK-3016</subfield>
    <subfield code="r">2026-02-03 00:00:00</subfield>
    <subfield code="v">300.00</subfield>
    <subfield code="w">2026-02-03</subfield>
    <subfield code="y">BK</subfield>
    <subfield code="z">3016</subfield>
  </datafield>
</record>
